Chuyển biến trong tổ chức gia đình của đồng bào M'nông Ê đe ở Đắc Lắc /

Đã lưu trong:
Sonraí Bibleagrafaíochta
Príomhúdar: Duy Thuấn.
Formáid: Bài viết
Teanga:Vietnamese
Ábhair:
Clibeanna: Cuir Clib Leis
Gan Chlibeanna, Bí ar an gcéad duine leis an taifead seo a chlibeáil!
Thư viện lưu trữ: Thư viện Trường Đại học Đà Lạt
LEADER 00794nam a2200265 4500
001 DLU160175016
005 ##20160309
040 # # |a DLU  |b vie 
041 # # |a vie 
044 # # |a vn 
100 # # |a Duy Thuấn. 
245 # # |a Chuyển biến trong tổ chức gia đình của đồng bào M'nông Ê đe ở Đắc Lắc /  |c Duy Thuấn. 
653 # # |a Dân tộc Ê đê 
653 # # |a Dân tộc M'nông 
653 # # |a Tổ chức gia đình 
773 # # |t Tạp chí Văn hóa dân tộc  |g Số 11, 1996, tr. 22 
920 # # |a Phòng Tạp chí -- Trung tâm Thông tin - Thư viện Trường Đại học Đà Lạt 
994 # # |a DLU 
900 # # |a True 
911 # # |a Nguyễn Thị Mai Anh 
925 # # |a G 
926 # # |a A 
927 # # |a BB 
980 # # |a Thư viện Trường Đại học Đà Lạt